| 000 | 00702nam a22002057a 4500 | ||
|---|---|---|---|
| 999 |
_c9251 _d9251 |
||
| 003 | AR-CdUCM | ||
| 008 | 190327b ||||| |||| 00| 0 spa d | ||
| 040 |
_aMUNICIPALIDAD PROVINCIAL DEL CUSCO _cBIBLIOTECA MUNICIPAL DEL CUSCO |
||
| 082 |
_23ed. _a802.09 / _bG12 |
||
| 100 |
_aGaehde, Christián _925329 |
||
| 245 | _aEl teatro desde la antigüedad hasta el presente / | ||
| 260 |
_aMéxico : _bEditora Nacional, _c1967. |
||
| 300 |
_aI - XVI ,212 paginas ; _c17 cm. |
||
| 505 | _aContenido :El teatro en la antigüedad / | ||
| 650 |
_aTeatro _9173 |
||
| 650 |
_aHistoria y crítica _95993 |
||
| 700 |
_aMartínez Ferrando, Jesús Ernesto (traductor) _925330 |
||
| 942 |
_2ddc _cLIBROS |
||
| 945 | _arjall | ||